000 00678nam a22002057a 4500
003 OSt
005 20220916155830.0
008 220916b |||||||| |||| 00| 0 eng d
020 _a0-7148-2536-0
040 _cBiblioteca Lado V
082 _a700.452.1
_bB396c
100 _aBeckett, Wendy
245 _aContemporary Women Artists/
260 _aInglaterra
_bPhaidon Press Limited
_c1988
300 _a126p.
_c25x28cm
650 _2Tesauro de Arte & Arquitectura
_aARTE CONTEMPORANEO
650 _2Tesauro de Arte & Arquitectura
_aPERSPECTIVA DE GENERO
650 _2Tesauro de Arte & Arquitectura
_aFEMINISMO
942 _2ddc
_c1
_h700.452.1
_iB396c
_n0
999 _c2059
_d2059